Kraje Arktyki - Statystyki

Ogólne statystyki
  • Ten quiz został rozwiązany 184 razy
  • Średni wynik to 6 z 6
Statystyki odpowiedzi
Pierwsza litera Kraj % Poprawnych
R Rosja
97%
D Dania (Grenlandia)
96%
K Kanada
96%
N Norwegia
96%
I Islandia
91%
S Stany Zjednoczone
82%
Nie znaleziono quizów pasujących do podanych kryteriów
Rozkład punktacji
Procent ludzi z każdym wynikiem
Percentyl według liczby udzielonych odpowiedzi
Twoja historia wyników
Nie rozwiązałeś tego quizu